Introduction human geographies (Record no. 1320319)

MARC details
000 -LEADER
fixed length control field 01310nam a2200277 4500
005 - DATE AND TIME OF LATEST TRANSACTION
control field 20250507140643.0
008 - FIXED-LENGTH DATA ELEMENTS--GENERAL INFORMATION
fixed length control field 250507b |||||||| |||| 00| 0 eng d
020 ## - INTERNATIONAL STANDARD BOOK NUMBER
International Standard Book Number 9780367211769
037 ## - SOURCE OF ACQUISITION
Terms of availability Textual
040 ## - CATALOGING SOURCE
Original cataloging agency RTL
Transcribing agency RTL
084 ## - COLON CLASSIFICATION NUMBER
Classification number U47 P5;R4
Assigning agency RTL
245 ## - TITLE STATEMENT
Title Introduction human geographies
250 ## - EDITION STATEMENT
Edition statement 4th
260 ## - PUBLICATION, DISTRIBUTION, ETC.
Place of publication, distribution, etc. London
Name of publisher, distributor, etc. Routledge
Date of publication, distribution, etc. 2024
300 ## - PHYSICAL DESCRIPTION
Extent xxxii, 1043 p. ill.
Other physical details Includes bibliographical reference and index
520 ## - SUMMARY, ETC.
Summary, etc. Introducing Human Geographies is a 'travel guide' into the academic subject of human geography and the things that it studies. The coverage of the new edition has been thoroughly refreshed to reflect and engage with the contemporary nature and direction of human geography. This updated and much extended fourth edition includes a diverse range of authors and topics from across the globe, with a completely revised set of contributions reflecting contemporary concerns in human geography.
650 ## - SUBJECT ADDED ENTRY--TOPICAL TERM
Topical term or geographic name entry element Geography
650 ## - SUBJECT ADDED ENTRY--TOPICAL TERM
Topical term or geographic name entry element Earth sciences
650 ## - SUBJECT ADDED ENTRY--TOPICAL TERM
Topical term or geographic name entry element Human geography
9 (RLIN) 755393
700 ## - ADDED ENTRY--PERSONAL NAME
Personal name Dombroski, Kelly
Relator term Editor
9 (RLIN) 755394
700 ## - ADDED ENTRY--PERSONAL NAME
Personal name Goodwin, Mark
Relator term Editor
9 (RLIN) 288303
700 ## - ADDED ENTRY--PERSONAL NAME
Personal name Qian, Juxi
Relator term Editor
9 (RLIN) 755395
700 ## - ADDED ENTRY--PERSONAL NAME
Personal name Williams, Andrew
Relator term Editor
700 ## - ADDED ENTRY--PERSONAL NAME
Personal name Cloke, Paul
Relator term Editor
942 ## - ADDED ENTRY ELEMENTS (KOHA)
Source of classification or shelving scheme Colon Classification (CC)
Suppress in OPAC No
Koha item type Textbook
Classification part U47 P5; R4
Holdings
Withdrawn status Lost status Source of classification or shelving scheme Damaged status Not for loan Home library Current library Date acquired Total Checkouts Full call number Barcode Date last seen Price effective from Koha item type
    Colon Classification (CC)     Ratan Tata Library Ratan Tata Library 2025-05-07   U47 P5; R4 RT1528302 2025-05-07 2025-05-07 Textbook
Copyright @ Delhi University Library System